000 00702nam a2200193Ii 4500
003 JO-AjNU
008 230605s9999||||xx |||||||||||||| ||und||
040 _aJO-AjNU
_bara
_erda
_cJO-AjNU
041 _aara
050 1 4 _aPJ7810.Z68 1900
100 3 _a تاليف الهنداوي، خليل ،م. مشارك الدقاق، عمر,
_eauthor
_915922
245 0 0 _aالمقتبس من فيض الخاطر لاحمد امين: دراسة ومختارات
264 3 1 _aبيروت:دار الشرق العربي،د.ت
300 _a191ص
336 _atext
_btxt
_2rdacontent
337 _aunmediated
_bn
_2rdamedia
338 _avolume
_bnc
_2rdacarrier
650 4 _aمقالات عربية-مصر
_915923
999 _aA4607
_c8175
_d8175